| 000 | 00000nam 2200000zi 4500 |
| 001 | 9.935587 |
| 003 | CaOODSP |
| 005 | 20241223105327 |
| 006 | m o d f |
| 007 | cr mn||||||||| |
| 008 | 240318t20242024onca o f000 0 spa d |
| 020 | |a9780660708836 |q(PDF) |
| 040 | |aCaOODSP|beng|erda|cCaOODSP |
| 043 | |an-cn--- |
| 086 | 1 |aH14-581/2024Spa-PDF |
| 245 | 00|aPrevención y tratamiento de la sífilis : |bconsejos para organizaciones comunitarias. |
| 250 | |a[Spanish edition]. |
| 264 | 1|a[Ottawa] : |b[Public Health Agency of Canada], |c[2024] |
| 264 | 4|c©2024 |
| 300 | |a1 online resource (2 unnumbered pages) : |bcolour illustrations |
| 336 | |atext|btxt|2rdacontent |
| 337 | |acomputer|bc|2rdamedia |
| 338 | |aonline resource|bcr|2rdacarrier |
| 500 | |aIssued also in English under title: Syphilis prevention and care: tips for community-based organizations; and in French under title: Prévention et traitement de la syphilis : conseils pour les organismes communautaires. |
| 500 | |a"Pub: 230892"--Page [2]. |
| 546 | |aText in Spanish. |
| 650 | 0|aSyphilis|zCanada|xPrevention. |
| 650 | 0|aSyphilis|xTreatment|zCanada. |
| 710 | 2 |aPublic Health Agency of Canada, |eissuing body. |
| 775 | 08|tSyphilis prevention and care : |w(CaOODSP)9.933990 |
| 776 | 0#|tSyphilis prevention and care : |w(CaOODSP)9.935588 |
| 792 | |tPrevención y tratamiento de la sífilis : |efre|w(CaOODSP)9.935764 |
| 856 | 40|qPDF|s232 KB|uhttps://publications.gc.ca/collections/collection_2024/aspc-phac/H14-581-2024-spa.pdf |
| 986 | |a230892 |